Wisconsin Counties by Population - Statistics

General Stats
  • This quiz has been taken 102 times
  • The average score is 22 of 72
Answer Stats
Population County % Correct
546,695 Dane
100%
945,726 Milwaukee
100%
404,198 Waukesha
92%
264,542 Brown
82%
196,311 Racine
78%
187,885 Outagamie
66%
169,561 Kenosha
56%
171,907 Winnebago
56%
163,354 Rock
46%
136,034 Washington
46%
118,016 La Crosse
40%
135,692 Marathon
40%
115,340 Sheboygan
40%
104,646 Eau Claire
38%
103,403 Fond du Lac
34%
103,868 Walworth
34%
4,295 Florence
32%
4,556 Menominee
30%
89,221 Ozaukee
30%
90,687 St. Croix
28%
87,839 Dodge
26%
78,981 Manitowoc
26%
7,265 Pepin
26%
70,772 Portage
26%
64,658 Chippewa
24%
8,995 Forest
24%
5,687 Iron
24%
84,769 Jefferson
24%
64,442 Sauk
24%
72,999 Wood
24%
13,126 Buffalo
22%
50,089 Calumet
22%
57,532 Columbia
22%
51,439 Grant
22%
13,416 Price
22%
14,132 Rusk
22%
51,245 Waupaca
22%
20,094 Adams
20%
15,617 Ashland
20%
45,229 Barron
20%
14,993 Bayfield
20%
15,289 Burnett
20%
43,150 Douglas
20%
45,368 Dunn
20%
36,960 Green
20%
18,755 Green Lake
20%
23,678 Iowa
20%
26,478 Juneau
20%
16,715 Lafayette
20%
19,146 Langlade
20%
27,593 Lincoln
20%
40,350 Marinette
20%
15,304 Marquette
20%
45,771 Monroe
20%
37,930 Oconto
20%
35,381 Oneida
20%
17,459 Richland
20%
16,399 Sawyer
20%
40,899 Shawano
20%
20,325 Taylor
20%
29,499 Trempealeau
20%
30,633 Vernon
20%
21,751 Vilas
20%
24,193 Waushara
20%
34,579 Clark
18%
16,235 Crawford
18%
27,472 Door
18%
20,522 Jackson
18%
42,754 Pierce
18%
43,438 Polk
18%
15,688 Washburn
18%
20,434 Kewaunee
16%
No matching quizzes found
Score Distribution
Percent of People with Each Score
Percentile by Number Answered
Your Score History
You have not taken this quiz